Matrix metalloproteinases and their inhibitors in correlation to proliferative and classical tumour markers during surgical therapy of colorectal liver metastases

Bibliographic Details
Main Authors: Sutnar, A. (Author), Finek, J. (Author), Vrzalova, J. (Author), Holubec, L. jr (Author), Pesta, M. (Author), Rousarova, M. (Author), Topolcan, O. (Author), Kormunda, S. (Author), Skalicky, T. (Author), Liska, V. (Author), Treska, V. (Author)
Format: Article
Language:English

MARC

LEADER 00000nab a2200000ua 4500
001 vtls010802584
003 SK-MaSNL
005 20260303221645.0
008 230214s2012 xo |||||||||||||||||eng|
035 |a (urnnbn)urn:nbn:sk:snk:ar-a03l9c 
035 |a (uuid)e3e74daf-2005-4608-8be6-7a7a7efeae0a 
035 |a urn:nbn:sk:snk-ab5cm5 
040 |a SNKBUCL  |b slo  |c SNKBUCL  |e AACR2 
041 0 |a eng 
044 |a xo  |c SK 
100 1 |a Sutnar, A.  |4 aut  |9 1140828 
245 1 0 |a Matrix metalloproteinases and their inhibitors in correlation to proliferative and classical tumour markers during surgical therapy of colorectal liver metastases  |c A. Sutnar, J. Finek, J. Vrzalova, L. Jr. Holubec, M. Pesta, M. Rousarova, O. Topolcan, S. Kormunda, T. Skalicky, V. Liska, V. Treska 
700 1 |a Finek, J.  |4 aut  |9 991366 
700 1 |a Vrzalova, J.  |4 aut  |9 1129645 
700 1 |a Holubec, L. jr.  |4 aut  |9 1134536 
700 1 |a Pesta, M.  |4 aut  |9 781638 
700 1 |a Rousarova, M.  |4 aut  |9 1142533 
700 1 |a Topolcan, O.  |4 aut  |9 781640 
700 1 |a Kormunda, S.  |4 aut  |9 1140214 
700 1 |a Skalicky, T.  |4 aut  |9 710919 
700 1 |a Liska, V.  |4 aut  |9 781642 
700 1 |a Treska, V.  |4 aut  |9 781643 
773 0 |t Bratislavské lekárske listy  |g Roč. 113, č. 2 (2012), s. [108]-113 
958 |a OND 
958 |a EUIPO 
958 |a article3 
999 |c 2235355  |d 2237285